000 00589nam a2200229Ia 4500
003 OSt
005 20220924152127.0
006 a|||||r|||| 00| 0
007 ta
008 220923b |||||||| |||| 00| 0 mar d
024 _a341051
037 _cTextual
040 _aARTS
_cARTS
_bmar
041 _2mar
_amar
082 _aO155,2NJOS,12, F9
100 _aJoshi Au.
_9219060
245 0 _aSangeet Dharam Singhasan
260 _c1929
650 _aMARATHI LITERATURE
_938000
942 _hO155,2NJOS,12, F9
_cTEXL
_2CC
999 _c468817
_d468817